banner koha

Hannibal / (Registro n. 8366)

MARC details
000 -LÍDER
campo de controle de tamanho fixo 01289nam a2200241 a 4500
001 - NÚMERO DE CONTROLE
campo de controle BS0003304
003 - IDENTIFICADOR DO NÚMERO DE CONTROLE
campo de controle BR-BrBNA
005 - DATA E HORÁRIO DA ÚLTIMA TRANSAÇÃO
campo de controle 20230418192258.0
008 - CAMPO DE DADOS FIXOS--INFORMAÇÃO GERAL
campo de controle de tamanho fixo 230308b |||||||| |||| 00| 0 por d
040 ## - FONTE DA CATALOGAÇÃO
Instituição da catalogação original BR-BrBNA
Idioma da catalogação por
Instituição que transcreveu o registro Biblioteca Nacional de Agricultura
041 ## - CÓDIGO DE IDIOMA
Código do idioma do texto/trilha sonora ou título diferente por
072 ## - CÓDIGO DE CATEGORIA DE ASSUNTO
Código de Categoria de Assunto S85
090 ## - NÚMERO DE CHAMADA LOCAL
Número de chamada S85 BS0003304
100 1# - ENTRADA PRINCIPAL--NOME PESSOAL
Nome pessoal Harris, Thomas.
245 1# - TÍTULO
Título Hannibal /
250 1# - EDIÇÃO
Edição 1. ed.
260 3# - PUBLICAÇÃO, DISTRIBUIÇÃO, ETC.
Local de publicação, distribuição, etc. Rio de Janeiro, RJ:
Nome do editor, distribuidor, etc. Best Bolso,
Data da publicação, distribuição, etc. 2012.
300 ## - DESCRIÇÃO FÍSICA
Extensão 445 p.
520 3# - NOTA DE RESUMO, ETC
Resumo, etc. Continuação de O silêncio dos inocentes, Hannibal acompanha Clarice Starling, agente do FBI que conseguiu deter o assassino Jame Gumb com a ajuda de Hannibal Lecter, psicopata extremamente inteligente conhecido por devorar suas vítimas. Sete anos após a fuga de Lecter da prisão, Clarice vê sua carreira no FBI começar a desmoronar. Enquanto isso, Hannibal passa de caçador a caça quando começa a ser perseguido por um homem que sobreviveu a seu ataque. Durante esse jogo mortal, os caminhos de Clarice Starling e Hannibal Lecter se cruzam novamente. Em 2001, a adaptação para o cinema de Hannibal foi dirigida por Ridley Scott e estrelada por Anthony Hopkins e Julianne Moore.
650 ## - ASSUNTO--TERMO TÓPICO
Cabeçalho tópico ou nome geográfico LITERATURA NORTE-AMERICANA
909 ## -
-- 202304
-- Sergio Santos
-- 56
-- Sergio Santos
942 ## - ELEMENTOS DE ENTRADA ADICIONADOS (KOHA)
Tipo de material Koha Livros
Exemplares
Situação do descarte Fonte da classificação ou esquema de arquivamento na estante Situação física Não pode ser emprestado Coleção Biblioteca de origem Biblioteca atual Total de empréstimos Número de telefone completo Código de barras Data de último acesso Número do exemplar Tipo de material Koha Situação das perdas Data de aquisição Fonte de aquisição Qualificador de local codificado
  Classificação AGRIS     Acervo Cultural Biblioteca Nacional de Agricultura - Binagri Biblioteca Nacional de Agricultura - Binagri   S85 BS0003304 S85 BS0003304 12/04/2023 01 Livros   2023-04-04 Doação S85

BINAGRI

Telefone: (61)3218-2567/2388/3357/2097 - binagri@agro.gov.br

Ministério da Agricultura e Pecuária , Esplanada dos Ministérios, Bloco D, Anexo B, Brasília/DF, CEP: 70.043-900